000 00432nam a2200169Ia 4500
003 OSt
005 20240625100151.0
008 221021s9999||||xx |||||||||||||| ||und||
020 _a978-0-07-154901-1
040 _cChuka University Library
050 _aQA 76.73
_b.V37 2007
100 _aVaswani,Vikram
_91084
245 0 _aPhp:a begginer guide
260 _aSan Fransisco
_bMcGrawhill
_c2007
300 _a453p
942 _cBK
_2lcc
999 _c1036
_d1036